Anuario estadístico del sector agropecuario 1999 - 2000 (Registro nro. 5778)
[ vista simple ]
| 000 -CABECERA | |
|---|---|
| Campo de control | 01446cas a2200325 a 4500 |
| 005 - FECHA Y HORA DE LA ULTIMA TRANSACCION | |
| Campo de control | 20200121063958.0 |
| 008 - ELEMENTOS DE LONGITUD FIJA—INFORMACION GENERAL | |
| Campo de control | 990823c199u9999ck ar s f0 0spa d |
| 040 ## - FUENTE DE CATALOGACIÓN | |
| Agencia catalogadora original | CUY |
| Agencia transcriptora | CUY |
| Agencia Modificadora | IXA |
| -- | DLC |
| -- | CO-BoIAVH |
| 041 ## - IDIOMA | |
| Código de idioma para texto/pista de sonido o título separado | Español |
| 042 ## - AUTHENTICATION CODE | |
| Authentication code | lcd |
| 043 ## - GEOGRAPHIC AREA CODE | |
| Geographic area code | s-ck--- |
| 082 04 - NUMERO DE CLASIFICACION DECIMAL DEWEY | |
| Número de clasificación | 318.61 |
| Número del ítem | M66a1999 |
| 110 ## - ASIENTO PRINCIPAL--NOMBRE CORPORATIVO | |
| 9 (RLIN) | 80248 |
| Nombre corporativo o de jurisdicción como elemento de entrada | Ministerio de agricultura |
| 245 00 - MENCION DE TITULO | |
| Título | Anuario estadístico del sector agropecuario 1999 - 2000 |
| Mención de responsabilidad | Ministerio de Agricultura y Desarrollo Rural. |
| 246 14 - FORMA VARIANTE DEL TITULO | |
| Título propiamente dicho/forma breve del título | Anuario estadístico del sector agropecuario y pesquero 1999 - 2000 |
| 260 ## - PUBLICACION, DISTRIBUCION, ETC. (PIE DE IMPRENTA) | |
| Lugar de publicación, distribución, etc. | Santafé de Bogotá, D.C. |
| Nombre del editor, distribuidor, etc. | Ministerio de Agricultura y Desarrollo Rural |
| Fecha de publicación, distribución, etc. | 2001 |
| 300 ## - DESCRIPCION FISICA | |
| Extensión | 209 páginas |
| Otros detalles físicos | Contiene tablas, gráficas, ilustraciones y mapas |
| Dimensiones | 27.4 x 21.5 cm. |
| 500 ## - NOTA GENERAL | |
| Nota general | Description based on: 1993/1994. |
| 500 ## - NOTA GENERAL | |
| Nota general | Latest issue consulted: 1997. |
| 550 ## - ISSUING BODY NOTE | |
| Issuing body note | Issued by: Oficina de Información y Estadística, <1997-> |
| 650 #0 - ASIENTO SECUNDARIO DE MATERIA - TERMINO TEMATICO | |
| Término temático o nombre geográfico como elemento de entrada | Agricultura |
| Subdivisión general | Aspectos economicos |
| Subdivisión geográfica | Colombia |
| 9 (RLIN) | 62066 |
| 650 #0 - ASIENTO SECUNDARIO DE MATERIA - TERMINO TEMATICO | |
| Término temático o nombre geográfico como elemento de entrada | Estadísticas agrícolas |
| 9 (RLIN) | 92677 |
| 650 #0 - ASIENTO SECUNDARIO DE MATERIA - TERMINO TEMATICO | |
| Término temático o nombre geográfico como elemento de entrada | Sector agropecuario |
| 9 (RLIN) | 30707 |
| 650 #0 - ASIENTO SECUNDARIO DE MATERIA - TERMINO TEMATICO | |
| Término temático o nombre geográfico como elemento de entrada | Anuario |
| Subdivisión general | Estadístico |
| 9 (RLIN) | 54777 |
| 710 1# - ASIENTO SECUNDARIO - NOMBRE CORPORATIVO | |
| Nombre corporativo o de jurisdicción como elemento de entrada | Colombia. |
| Unidad subordinada | Ministerio de Agricultura y Desarrollo Rural. |
| 9 (RLIN) | 6763 |
| 710 1# - ASIENTO SECUNDARIO - NOMBRE CORPORATIVO | |
| Nombre corporativo o de jurisdicción como elemento de entrada | Colombia. |
| Unidad subordinada | Ministerio de Agricultura y Desarrollo Rural. |
| -- | Oficina de Información y Estadística. |
| 9 (RLIN) | 62069 |
| 780 00 - ASIENTO DEL TITULO ANTERIOR | |
| Title | Anuario, estadísticas del sector agropecuario |
| Record control number | (DLC) 90661739 |
| -- | (OCoLC)22753369 |
| 942 ## - ELEMENTOS ADICIONALES (KOHA) | |
| Sistema de clasificación | Dewey Decimal Classification |
| Tipo de ítem | Libro |
| Withdrawn status | Lost status | Sistema de Clasificación | Damaged status | No para préstamo | Colección | Inventariado | Ubicación Permanente | Ubicación actual | Fecha de adquisición | Fuente de Valor | Valor | Total Checkouts | Número topográfico | Inventario / Código de Barras | Date last seen | Ejemplar | Price effective from | Forma de adquisición | Tipo de material |
|---|---|---|---|---|---|---|---|---|---|---|---|---|---|---|---|---|---|---|---|
| Dewey Decimal Classification | General | Inventariado 2017 | Bogotá | Bogotá | 16/08/2007 | Instituto | 39000.00 | LB-318.61 M66a1999 | 025061 | 04/12/2012 | Ej.1 | 04/12/2012 | Donación | Libro |